00399 2200157 4500001002100000005001500021035002000036245003800056100001900094300002800113260004400141082000800185084001400193020002200207990001200229INLIS00000000000269020250910111426 a0010-09250000371 aHubungan Sosial /cToshinori Iwai0 aToshinori Iwai a171 hlm ;c15,5 x 24 cm aJakarta :bEsensi Erlangga Group,c2023 a100 a100 TOS h a978-634-7049-01-8 a0755332